The handbook of economic sociology
Αποθηκεύτηκε σε:
| Άλλοι συγγραφείς: | , |
|---|---|
| Μορφή: | Βιβλίο |
| Γλώσσα: | English |
| Δημοσίευση: |
Princeton :
Princeton University Press,
1994.
|
| Θέματα: | |
| Ετικέτες: |
Προσθήκη ετικέτας
Δεν υπάρχουν, Καταχωρήστε ετικέτα πρώτοι!
|
MARC
| LEADER | 00000cam a2200000 i 4500 | ||
|---|---|---|---|
| 001 | 1/101026 | ||
| 008 | 961113s1994 eng d | ||
| 020 | |a 0-691-03448-6 (hbk.) | ||
| 020 | |a 0-691-04485-6 (pbk.) | ||
| 035 | |l 10057512 | ||
| 040 | |a GR-MY-UA |b gre |e aacr | ||
| 041 | 0 | |a eng | |
| 082 | 0 | |a 306.3 | |
| 245 | 1 | 4 | |a The handbook of economic sociology / |c edited by Neil J. Smelser and Richard Swedberg. |
| 260 | |a Princeton : |b Princeton University Press, |c 1994. | ||
| 300 | |a 835 σ. | ||
| 504 | |a Περιλαμβάνει βιβλιογραφικές παραπομπές. | ||
| 650 | 0 | 0 | |a Economics |x Social aspects. |
| 700 | 1 | |a Smelser, Neil J. |e edt | |
| 700 | 1 | |a Swedberg, Richard, |e edt | |
| 852 | |a INST |b CHIOS |e 20000207 |h 306.3 HAN |p 005200019063 |q 005200019063 |t BK |y 0 | ||
| 852 | |a INST |b LESVOS |e 19961113 |h 306.3 HAN |p 005100012558 |q 005100012558 |t BK |y 0 | ||
| 901 | |a BIBL2-2000-1 | ||
| 909 | |a Λ |b 046624 | ||
| 909 | |a Χ |b 056053 | ||
| 922 | |a 2ΕΛΗ |b 199912 |c ΤΔΕ |d ΠΑΠΑΣΩΤΗΡΙΟΥ | ||
| 950 | |a 112-1999-11-12 | ||
| 950 | |a 145/1995-10-24 | ||